Kpop Membres d'Ateez : Wave & Wonderland - Statistiques

Statistiques générales
  • Ce quiz a été pris 82 fois
  • Le résultat moyen est 15 sur 16
Statistiques - réponses
Par images Réponse % Correct
San
100%
Seonghwa
98%
Wooyoung
98%
Yeosang
98%
Yunho
98%
Jongho
97%
Mingi
97%
San
97%
Wooyoung
97%
Yeosang
97%
Hongjoong
95%
Hongjoong
95%
Jongho
95%
Mingi
95%
Seonghwa
95%
Yunho
95%
Aucun quiz correspondant
Distribution des résultats
% des personnes avec chaque résultat
Percentile par nombre de réponses
Votre historique - résultats
Vous n’avez pas pris ce quiz